NCAA Basketball Teams Starting with C - Statistics

General Stats
  • This quiz has been taken 52 times
  • The average score is 16 of 29
Answer Stats
Conference Team % Correct
ACC California
95%
Big 12 Colorado
92%
Mountain West Colorado State
92%
ACC Clemson
85%
Ivy League Cornell
85%
Big 12 Cincinnati
74%
Ivy League Columbia
74%
Big East Connecticut
74%
Patriot League Colgate
69%
Big East Creighton
69%
Colonial Athletic Charleston
67%
Mid-American Central Michigan
62%
Big West Cal Poly
56%
Horizon League Cleveland State
56%
Sun Belt Coastal Carolina
51%
Atlantic Sun Central Arkansas
46%
Big South Charleston Southern
44%
Metro Atlantic Canisius
41%
Big 12 Central Florida
41%
Northeast Central Conn. St.
38%
Southern Citadel
38%
Southern Chattanooga
36%
Northeast Chicago State
36%
Western Athletic California Baptist
31%
Big West CSU Fullerton
31%
Mid-Eastern Coppin State
28%
Big West CSU Bakersfield
23%
Colonial Athletic Campbell
21%
Big West CSU Northridge
21%
No matching quizzes found
Score Distribution
Percent of People with Each Score
Percentile by Number Answered
Your Score History
You have not taken this quiz